Statistiques concernant Les 10 ventes les plus chères de l’histoire du FC Nantes

Cliquez ici pour prendre le quiz!

Statistiques générales

  • Ce quiz a été pris 455 fois
    (140 depuis la dernière actualisation)
  • Le résultat moyen est 6 sur 10

Statistiques - réponses

JoueurMontantClub d'arrivéDate% Correct
Emiliano Sala17 M€Cardiff City2019
98%
Ludovic Blas15 M€Stade Rennais2023
92%
Valentin Rongier13 M€Olympique de Marseille2019
89%
Diego Carlos15 M€Séville FC2019
81%
Amine Harit8 M€Schalke 042017
61%
Jordan Veretout10 M€Aston Villa2015
56%
Imran Louza10 M€Watford FC2021
55%
Eric Carrière12 M€Olympique lyonnais2001
27%
Jérémy Toulalan7 M€Olympique lyonnais2006
18%
Mario Yepes10 M€Paris Saint-Germain2004
16%

Distribution des résultats

Percentile par nombre de réponses

% des personnes avec chaque résultat

Votre développement - résultats

Vous n’avez pas pris ce quiz depuis la dernière actualisation